International tax treaties of all nations : containing English language texts of all tax treaties between two or more nations in force on July 1, 1975 /

Bibliographic Details
Other Authors: Diamond, Walter H., Diamond, Dorothy B., 1919-
Format: Book
Language:English
Multiple languages
Published: Dobbs Ferry, N.Y. : Oceana Publications, 1975-
Subjects:

MARC

Tag First Indicator Second Indicator Subfields
LEADER 00000cam a2200000 i 4500
001 in00000090794
005 20150923131146.0
008 751003m19759999nyu 00000 engd
010 |a  75033646  
020 |a 0379007258 (set) :  |c $50.00 per vol. 
035 |a (OCoLC)01818378 
035 |9 AAK6637AM 
040 |a DLC  |c DLC  |d TXA  |d UtOrBLW 
041 1 |a eng  |a mul 
049 |a TXAM  |v 1 [11534717]  |v 2 [1534718]  |v 3 [1534719]  |v 4 [1534720]  |v 5 [1534721]  |v 6 [1534722]  |v 7 [1534723]  |v 8 [1534724]  |v 9 [1534725]  |v 10 [1534726]  |v 11 [1114512]   |v 12 [1503384]  |v 13 [A09551267] 
050 0 0 |a LAW 
082 0 |a 341.48/4 
090 |a K4473.A1  |b I618 
245 0 0 |a International tax treaties of all nations :  |b containing English language texts of all tax treaties between two or more nations in force on July 1, 1975 /  |c [edited] by Walter H. Diamond, Dorothy B. Diamond. 
264 1 |a Dobbs Ferry, N.Y. :  |b Oceana Publications,  |c 1975- 
300 |a volumes ;  |c 26 cm. 
336 |a text  |b txt  |2 rdacontent 
337 |a unmediated  |b n  |2 rdamedia 
338 |a volume  |b nc  |2 rdacarrier 
650 0 |a Double taxation  |v Treaties. 
700 1 |a Diamond, Walter H. 
700 1 |a Diamond, Dorothy B.,  |d 1919- 
999 |a MARS 
999 f f |s 86e84e6b-b653-3804-bcfe-c4890afdf3cb  |i 3304043f-367e-32ab-be3b-93055b35ee34  |t 0 
952 f f |p ric  |a Texas A&M University  |b Rellis Campus  |c Joint Library Facility  |d Remote Storage  |t 0  |e K4473.A1 I618  |h Library of Congress classification  |i unmediated -- volume  |k v.8  |m A14803150885 
952 f f |p ric  |a Texas A&M University  |b Rellis Campus  |c Joint Library Facility  |d Remote Storage  |t 0  |e K4473.A1 I618  |h Library of Congress classification  |i unmediated -- volume  |k v.5  |m A14803150851 
952 f f |p ric  |a Texas A&M University  |b Rellis Campus  |c Joint Library Facility  |d Remote Storage  |t 0  |e K4473.A1 I618  |h Library of Congress classification  |i unmediated -- volume  |k v.4  |m A14803150843 
952 f f |p ric  |a Texas A&M University  |b Rellis Campus  |c Joint Library Facility  |d Remote Storage  |t 0  |e K4473.A1 I618  |h Library of Congress classification  |i unmediated -- volume  |k v.3  |m A14803150835 
952 f f |p ric  |a Texas A&M University  |b Rellis Campus  |c Joint Library Facility  |d Remote Storage  |t 0  |e K4473.A1 I618  |h Library of Congress classification  |i unmediated -- volume  |k v.12  |m A14806009091 
952 f f |p ric  |a Texas A&M University  |b Rellis Campus  |c Joint Library Facility  |d Remote Storage  |t 0  |e K4473.A1 I618  |h Library of Congress classification  |i unmediated -- volume  |k v.15  |m A14816874896 
952 f f |p ric  |a Texas A&M University  |b Rellis Campus  |c Joint Library Facility  |d Remote Storage  |t 0  |e K4473.A1 I618  |h Library of Congress classification  |i unmediated -- volume  |k v.10  |m A14803150908 
952 f f |p ric  |a Texas A&M University  |b Rellis Campus  |c Joint Library Facility  |d Remote Storage  |t 0  |e K4473.A1 I618  |h Library of Congress classification  |i unmediated -- volume  |k v.13  |m A14809551267 
952 f f |p ric  |a Texas A&M University  |b Rellis Campus  |c Joint Library Facility  |d Remote Storage  |t 0  |e K4473.A1 I618  |h Library of Congress classification  |i unmediated -- volume  |k v.14  |m A14814987041 
952 f f |p ric  |a Texas A&M University  |b Rellis Campus  |c Joint Library Facility  |d Remote Storage  |t 0  |e K4473.A1 I618  |h Library of Congress classification  |i unmediated -- volume  |k v.1  |m A14803150819 
952 f f |p ric  |a Texas A&M University  |b Rellis Campus  |c Joint Library Facility  |d Remote Storage  |t 0  |e K4473.A1 I618  |h Library of Congress classification  |i unmediated -- volume  |k v.9  |m A14803150893 
952 f f |p ric  |a Texas A&M University  |b Rellis Campus  |c Joint Library Facility  |d Remote Storage  |t 0  |e K4473.A1 I618  |h Library of Congress classification  |i unmediated -- volume  |k v.6  |m A14803150869 
952 f f |p ric  |a Texas A&M University  |b Rellis Campus  |c Joint Library Facility  |d Remote Storage  |t 0  |e K4473.A1 I618  |h Library of Congress classification  |i unmediated -- volume  |k v.2  |m A14803150827 
952 f f |p ric  |a Texas A&M University  |b Rellis Campus  |c Joint Library Facility  |d Remote Storage  |t 0  |e K4473.A1 I618  |h Library of Congress classification  |i unmediated -- volume  |k v.7  |m A14803150877 
952 f f |p ric  |a Texas A&M University  |b Rellis Campus  |c Joint Library Facility  |d Remote Storage  |t 0  |e K4473.A1 I618  |h Library of Congress classification  |i unmediated -- volume  |k v.11  |m A14803150916 
998 f f |a K4473.A1 I618  |s v.1-15  |t 0  |l Remote Storage